|
|
|
|
| LEADER |
00000nam a2200000 a 4500 |
| 001 |
vtls009168159 |
| 003 |
SK-MaSNL |
| 005 |
20260301225545.0 |
| 008 |
240318s2006 xo f 000 0 slo |
| 015 |
|
|
|a SNBA2008/01-00063
|
| 020 |
|
|
|a 8089266045
|q (brož.)
|
| 035 |
|
|
|a urn:nbn:sk:snk-am00cn2i
|
| 035 |
|
|
|a urn:nbn:sk:snk-am3h7rk
|
| 035 |
|
|
|a 176F5AA4-AB74-4A91-B122-FFF3D8788E05
|
| 040 |
|
|
|a SNK
|b slo
|c SNK
|e AACR2
|
| 041 |
0 |
|
|a slo
|
| 044 |
|
|
|a xo
|c SK
|
| 072 |
|
7 |
|a 37
|x Výchova a vzdelávanie
|2 konspekt
|
| 080 |
|
|
|a 316.72/.75
|2 2001
|
| 080 |
|
|
|a (=214.58)
|2 2001
|
| 080 |
|
|
|a 331.101.38
|2 2001
|
| 080 |
|
|
|a 373.5.011.3-052
|2 2001
|
| 080 |
|
|
|a 316.344.7
|2 2001
|
| 080 |
|
|
|a 005.591
|2 2001
|
| 080 |
|
|
|a (072)
|2 2001
|
| 080 |
|
|
|a 37.043.2
|2 2001
|
| 100 |
1 |
|
|a Balogová-Slobodníková, Martina
|4 aut
|9 427391
|
| 245 |
1 |
0 |
|a Romológia
|b školiaci program o multikulturalizme a motivácii pre učiteľov žiakov stredných škôl pochádzajúcich zo sociálne znevýhodneného a výchovne menej podnetného prostredia : projekt Phare 20030049950105-01-001 : podpora integrovaného vzdelávania Rómov : [aktivita 2]
|c Martina Balogová Slobodníková, Ingrid Zubková
|
| 250 |
|
|
|a 1. vyd.
|
| 260 |
|
|
|a Žilina
|b Euroformes
|c [2007]
|
| 300 |
|
|
|a 67 s.
|c 29 cm
|
| 366 |
|
|
|e 400 výt.
|
| 500 |
|
|
|a Názov z obalu
|
| 504 |
|
|
|a Bibliogr. s. 65-66
|
| 650 |
0 |
7 |
|a multukulturalizmus
|2 SNKPH
|9 619296
|
| 650 |
0 |
7 |
|a Rómovia
|2 SNKPH
|9 1702
|
| 650 |
0 |
7 |
|a pracovná motivácia
|2 SNKPH
|9 2341
|
| 650 |
0 |
7 |
|a stredoškolskí študenti
|2 SNKPH
|9 3980
|
| 650 |
0 |
7 |
|a sociálne ohrozené skupiny
|2 SNKPH
|9 83816
|
| 650 |
0 |
7 |
|a programy a projekty
|2 SNKPH
|9 82765
|
| 650 |
0 |
7 |
|a multikultúrna pedagogika
|2 SNKPH
|9 67529
|
| 655 |
|
7 |
|a metodické príručky
|2 SNKPH
|9 70250
|
| 700 |
1 |
|
|a Zubková, Ingrid
|4 aut
|9 427390
|
| 919 |
|
|
|a 80-89266-04-5
|
| 958 |
|
|
|a NB
|
| 958 |
|
|
|a RQ
|
| 968 |
|
|
|d 37
|
| 999 |
|
|
|c 951313
|d 953243
|
| 952 |
|
|
|a SNK
|b SNK
|y PREZ
|7 0
|p 17A0573636
|o snkSB 75410
|i snk2007/27330
|8 0
|0 0
|1 0
|4 0
|d 2007-12-17
|f 1
|l 0
|r 2025-04-28 00:00:00
|w 2026-02-24
|